[Event "IECC KO email"]
[Site "IECC email"]
[Date "1999.12.21"]
[Round "?"]
[White "Meetze, Bill"]
[Black "Gibson, Elbert"]
[Result "1-0"]
[WhiteElo "1090"]
[BlackElo "987"]
[PlyCount "43"]
[EventDate "1999.??.??"]
[EventType "tourn (corr)"]
[EventRounds "6"]
[SourceTitle "Corr 2008"]
[Source "ChessBase"]
[SourceDate "2008.06.24"]
[SourceVersion "1"]
[SourceVersionDate "2008.06.24"]
[SourceQuality "1"]

1. e4 e5 2. Nc3 Bc5 3. Nf3 d6 4. d4 exd4 5. Nxd4 Bxd4 6. Qxd4 Nf6 7. Bb5+ Nc6 8. Bxc6+ bxc6 9. Bg5 h6 10. Bxf6 gxf6 11. 0-0 Ba6 12. Rfd1 c5 13. Qa4+ Qd7 14. Qxa6 0-0 15. Nd5 Qe6 16. Nxc7 Qxe4 17. Nxa8 Rxa8 18. Qxd6 Qxc2 19. Qxf6 Re8 20. Re1 Rxe1+ 21. Rxe1 Qa4 22. h3 1-0